Loading...
| Science - Other | 0 | 1 | 0 | 0 | 10 | 83 | 83.00 | 0 | 0 | 19.80 | 29.51 |
| Philosophy | 0 | 1 | 0 | 0 | 10 | 111 | 111.00 | 0 | 0 | 16.43 | 43.27 |
| Science - Other | 0 | 1 | 0 | 0 | 10 | 83 | 83.00 | 0 | 0 | 0.00 | 0.00 |
| History - Other | 0 | 1 | 0 | 1 | 10 | 126 | 126.00 | 0 | 0 | 0.00 | 0.00 |
| History - Other | 0 | 1 | 0 | 1 | 10 | 126 | 126.00 | 0 | 0 | 1.76 | 6.79 |
| Literature - American | 0 | 1 | 0 | 0 | 10 | 127 | 127.00 | 0 | 1 | 26.64 | 65.03 |
| Literature - American | 0 | 1 | 0 | 0 | 10 | 127 | 127.00 | 0 | 1 | 36.23 | 72.73 |
| Literature - European | 0 | 1 | 0 | 0 | 10 | 86 | 86.00 | 0 | 0 | 0.00 | 0.00 |
| Literature - European | 0 | 1 | 0 | 0 | 10 | 86 | 86.00 | 0 | 0 | 13.28 | 32.84 |
| Philosophy | 0 | 1 | 0 | 0 | 10 | 111 | 111.00 | 0 | 0 | 0.00 | 0.00 |
| Fine Arts - Classical Music | 0 | 0 | 1 | 0 | -5 | 0.00 | 0 | 0 | 1.36 | 3.33 | |
| Fine Arts - Classical Music | 0 | 0 | 1 | 0 | -5 | 0.00 | 0 | 0 | 0.00 | 0.00 |